Normal view MARC view

Entry Nombre personal

Number of records used in: 1

001 - NÚMERO DE CONTROL

  • campo de control: 28507

003 - IDENTIFICADOR DEL NÚMERO DE CONTROL

  • campo de control: FranzMayer

005 - FECHA Y HORA DE LA ÚLTIMA TRANSACCIÓN

  • campo de control: 20220726172728.0

008 - DATOS DE LONGITUD FIJA

  • campo de control de longitud fija: 220726|| aca||aabn | a|a d

040 ## - FUENTE DE LA CATALOGACIÓN

  • Centro catalogador/agencia de origen: FranzMayer
  • Centro/agencia transcriptor: FranzMayer

100 ## - ENCABEZAMIENTO-NOMBRE DE PERSONA

  • Nombre de persona: Clavé, Pelegrín,‏ ‎
  • Fechas asociadas al nombre: 1810-1880
  • Subdivisión de forma: Exposiciones
  • Subdivisión general: Historia
  • Subdivisión general: Arte

670 ## - FUENTE DE DATOS ENCONTRADOS

  • Cita de la fuente: Work cat.: (FranzMayer)10840: Pelegrín Clavé : , 2020